01707naa a2200385 a 450000100080000000500110000800800410001910000190006024501270007926000090020630000140021549000420022952004020027165000140067365000280068765000130071565000250072865000190075365000140077265000100078665000220079665000220081865300380084065300180087865300240089665300150092065300270093565300390096265300200100170000260102170000200104770000200106770000220108777302120110919750652024-10-04 2013 bl uuuu u00u1 u #d1 aDIAS, T. A. B. aGene banks that promote on-farm management through the reintroduction of local varieties in Brazil.h[electronic resource] c2013 ap. 91-95. a(Issues in Agricultural Biodiversity) aIn this chapter, we document our experiences as conservation professionals and curators of Embrapa gene banks in different locations in Brazil, on the reintroduction of maize, squash and sponge gourd accessions from gene banks to farmers’ fields. These experiences illustrate how the relationship between ex situ conservation and on-farm management can enforce community biodiversity management. aGermplasm aPlant genetic resources aAbóbora aBanco de germoplasma aBiodiversidade aGenética aMilho aPropriedade Rural aRecurso genético aBancos de germoplasma brasileiros aBucha vegetal aManejo comunitário aMeio rural aMelhoramento Genético aTécnicas de conservação ex situ aVariedade local1 aFERREIRA, M. A. J. F.1 aBARBIERI, R. L.1 aTEIXEIRA, F. F.1 aAZEVEDO, S. G. de tIn: BOEF, W. S. de; SUBEDI, A.; PERONI, N.; THIJSSEN, M.; O'KEEFFE, E. (Ed.). Community biodiversity management: promoting resilience and the conservation of plant genetic resources. London: Routledge, 2013.